[Event "Loire Top 1516"]
[Site "Loire"]
[Date "2015.10.10"]
[Round "1.2"]
[White "Tchalimian, Pascal"]
[Black "Philip, Sylvain"]
[Result "1-0"]
[WhiteElo "1918"]
[BlackElo "1762"]
[PlyCount "85"]
[EventDate "2015.10.10"]
[EventType "swiss"]
[EventRounds "7"]
[EventCountry "FRA"]
[SourceTitle "EXT 2024"]
[Source "ChessBase"]
[SourceDate "2023.10.10"]
[SourceVersion "1"]
[SourceVersionDate "2023.10.10"]
[SourceQuality "1"]

1. b3 e5 2. Bb2 Nc6 3. e3 Nf6 4. Bb5 d6 5. Ne2 Bd7 6. 0-0 a6 7. Bxc6 Bxc6 8. d4 e4 9. c4 g6 10. d5 Bd7 11. Ng3 Bg7 12. Nxe4 0-0 13. Nxf6+ Bxf6 14. Bxf6 Qxf6 15. Na3 h5 16. Nc2 h4 17. Qd4 Qg5 18. f4 Qh6 19. e4 h3 20. g3 f6 21. Nb4 Rae8 22. Nd3 Qh5 23. Rae1 Qg4 24. Re3 g5 25. f5 Qh5 26. Nc1 Re5 27. Nd3 Re7 28. Nf2 g4 29. Nd3 Qg5 30. Nf4 Rfe8 31. Ne6 Bxe6 32. fxe6 Rf8 33. Rf5 Qh6 34. Re1 c5 35. Qc3 b5 36. Ref1 Kg7 37. R1f4 Qg6 38. cxb5 axb5 39. Qd3 c4 40. Qe2 c3 41. Rxg4 Rc8 42. Rxg6+ Kxg6 43. Qg4+ 1-0

[Event "Loire-ch Top20 1415"]
[Site "Loire"]
[Date "2015.03.28"]
[Round "6"]
[White "Philip, Sylvain"]
[Black "Andre, Gregory"]
[Result "0-1"]
[WhiteElo "1750"]
[BlackElo "1846"]
[PlyCount "100"]
[EventDate "2014.10.04"]
[EventType "swiss"]
[EventRounds "7"]
[EventCountry "FRA"]
[SourceTitle "EXT 2016"]
[Source "ChessBase"]
[SourceDate "2015.10.08"]
[SourceVersion "1"]
[SourceVersionDate "2015.10.08"]
[SourceQuality "1"]

1. e4 e6 2. d4 d5 3. Nd2 Nf6 4. e5 Nfd7 5. c3 c5 6. Bd3 Nc6 7. Ne2 cxd4 8. cxd4 f6 9. exf6 Nxf6 10. Nf3 Bd6 11. 0-0 Qc7 12. g3 0-0 13. Bf4 e5 14. dxe5 Nxe5 15. Nxe5 Bxe5 16. Rc1 Qd6 17. Kg2 Qe6 18. f3 Nh5 19. Bxe5 Qxe5 20. f4 Qxb2 21. Rc2 Qb6 22. Nd4 Nf6 23. Re1 Kh8 24. Nf3 Ng4 25. Qd2 Qh6 26. Nh4 d4 27. Be4 Ne3+ 28. Rxe3 dxe3 29. Qxe3 Re8 30. Qf3 Qb6 31. Re2 Bd7 32. Qd3 Bc6 33. Nf3 Rxe4 34. Rxe4 Bxe4 35. Qxe4 Qc6 36. Qxc6 bxc6 37. Ne5 c5 38. Kf2 Kg8 39. Ke3 Rd8 40. Nc6 Rd7 41. Ne5 Rd1 42. Nd3 Ra1 43. Nxc5 Rxa2 44. h4 Ra3+ 45. Nd3 Kf7 46. g4 Ke6 47. Kd4 Rxd3+ 48. Kxd3 Kd5 49. f5 Ke5 50. h5 h6 0-1

[Event "Loire-ch Top20 1415"]
[Site "Loire"]
[Date "2014.12.06"]
[Round "3"]
[White "Frey, Thierry"]
[Black "Philip, Sylvain"]
[Result "1/2-1/2"]
[WhiteElo "1845"]
[BlackElo "1750"]
[PlyCount "105"]
[EventDate "2014.10.04"]
[EventType "swiss"]
[EventRounds "7"]
[EventCountry "FRA"]
[SourceTitle "EXT 2016"]
[Source "ChessBase"]
[SourceDate "2015.10.08"]
[SourceVersion "1"]
[SourceVersionDate "2015.10.08"]
[SourceQuality "1"]

1. Nf3 Nf6 2. g3 g6 3. Bg2 Bg7 4. 0-0 0-0 5. d3 d6 6. Nbd2 c5 7. c3 Nc6 8. e4 Rb8 9. Re1 Qc7 10. Qc2 b5 11. d4 cxd4 12. cxd4 Qb6 13. Nb3 Bb7 14. Be3 Ng4 15. Qd2 Nxe3 16. Qxe3 a5 17. e5 a4 18. Nbd2 Nb4 19. Qc3 Nd5 20. Qd3 dxe5 21. dxe5 e6 22. a3 Rfd8 23. Qe2 Rbc8 24. Rac1 Bh6 25. Rxc8 Rxc8 26. Ne4 Bf8 27. Nd6 Bxd6 28. exd6 Rd8 29. Bf1 Rxd6 30. Qxb5 Qxb5 31. Bxb5 Rb6 32. Nd4 Nc7 33. Bxa4 Rxb2 34. Ra1 Nd5 35. Bc6 Ba6 36. a4 Nb4 37. Bb5 Bb7 38. Bf1 Kf8 39. a5 Ba6 40. Bxa6 Nxa6 41. h4 e5 42. Nc6 e4 43. g4 Rc2 44. Nd4 Rc4 45. Rd1 Ra4 46. Nc6 e3 47. f3 h5 48. gxh5 gxh5 49. Re1 Rxh4 50. Rxe3 Ra4 51. Kg2 Nc5 52. Re5 Ne6 53. Re4 1/2-1/2